000 00772cam a2200229 a 4500
001 vtls000874360
003 MY-SjTCS
005 20200226120800.0
008 110218s1997 000 0 eng
020 _a0582303885
039 9 _a201809271303
_bshuhada
_c201406161046
_dpatrick
_c201102181422
_dVLOAD
_y200407271837
_zVLOAD
082 0 4 _a540.76
_bCOX
100 1 _aCox, Michael C.
245 1 0 _aA-level chemistry /
_cMichael C. Cox, Philip J. Barratt.
260 _aHarlow, England :
_bAddison Wesley Longman,
_c1997.
300 _aiv, 102 p. ;
_c30 cm.
490 0 _aLongman exam practice kits : A-Level and AS-Level
590 _aChemistry : 9701
650 0 _aChemistry
_vProblems, exercises, etc.
_914381
700 1 _aBarratt, Philip J.
_987724
920 _aCAL
999 _c170545